00757 2200277 4500001002100000005001500021035002000036007000300056008004100059082001000100084001600110100001900126245009300145250001000238260007900248300003800327700001200365504003000377990000900407990001000416990001100426990000900437990001100446990001100457990001100468INLIS00000000000768520210406033324 a0010-0321001055ta210406 g 0 ind  aR.900 aR.900 AKH s0 aAKHMAD, Elvian1 aSetengah Abad Kota PangkalPinang Sebagai Daerah Otonom /cAkhmad Elvian; editor, Sjahrum acet.2 aPangkalpinang :bDinas Kebudayaan dan Pariwisata Kota Pangkalpinang,c2007 aviii, 136 hal. :bilus. ;c31 cm.0 aSJAHRUM aBibliografi : hal.133-136 a1595 a1595a a1595 a a1595 a1595 b a1595 a a1595 c